| 000 | 00422nam a2200169Ia 4500 | ||
|---|---|---|---|
| 008 | 260330s2021 xx 000 0 und d | ||
| 020 | _a978-0-143-45361-1 | ||
| 041 | _aeng | ||
| 082 |
_a158.1 _bNAH |
||
| 100 | _aNAPOLEON HILL | ||
| 245 | _aTHINK AND GROW RICH | ||
| 260 |
_aPune _bPENGUIN BOOKS LTD. PUNE _c2021 |
||
| 300 |
_a266pg _bPB |
||
| 365 | _cRs. | ||
| 650 | _aSuccess Philosophy | ||
| 700 | _aNAPOLEON HILL | ||
| 999 |
_c1218192 _d1218192 |
||